Un buen equipo / (Record no. 357900)
[ view plain ]
| 000 -LEADER | |
|---|---|
| fixed length control field | 01789pam a2200481 i 4500 |
| 001 - CONTROL NUMBER | |
| control field | bl2019037147 |
| 005 - DATE AND TIME OF LATEST TRANSACTION | |
| control field | 20210125174658.0 |
| 008 - FIXED-LENGTH DATA ELEMENTS--GENERAL INFORMATION | |
| fixed length control field | 191204s2020 nyua j 000 1 spa d |
| 010 ## - LIBRARY OF CONGRESS CONTROL NUMBER | |
| LC control number | bl2019037147 |
| 020 ## - INTERNATIONAL STANDARD BOOK NUMBER | |
| International Standard Book Number | 9781338601169 |
| Qualifying information | pbk. |
| 040 ## - CATALOGING SOURCE | |
| Original cataloging agency | NjBwBT |
| Language of cataloging | eng |
| Description conventions | rda |
| Transcribing agency | NjBwBT |
| Modifying agency | NjBwBT |
| 041 1# - LANGUAGE CODE | |
| Language code of text/sound track or separate title | spa |
| Language code of original and/or intermediate translations of text | eng |
| 050 14 - LIBRARY OF CONGRESS CALL NUMBER | |
| Classification number | PZ73 |
| Item number | .B79883 2020 |
| 082 04 - DEWEY DECIMAL CLASSIFICATION NUMBER | |
| Classification number | [E] |
| Edition number | 23 |
| 092 ## - LOCALLY ASSIGNED DEWEY CALL NUMBER (OCLC) | |
| Classification number | E Burnell |
| 099 ## - LOCAL FREE-TEXT CALL NUMBER (OCLC) | |
| Classification number | SPANISH jREADER BURNELL Heather |
| 100 1# - MAIN ENTRY--PERSONAL NAME | |
| Personal name | Burnell, Heather Ayris, |
| Relator term | author. |
| 9 (RLIN) | 5792301 |
| 240 10 - UNIFORM TITLE | |
| Uniform title | <a href="Good team.">Good team.</a> |
| Language of a work | Spanish |
| 245 13 - TITLE STATEMENT | |
| Title | Un buen equipo / |
| Statement of responsibility, etc | escrito por Heather Ayris Burnell ; arte de Hazel Quintanilla ; translated by Abel Berriz. |
| 250 ## - EDITION STATEMENT | |
| Edition statement | First Spanish edition. |
| 264 #1 - Production, Publication, Distribution, Manufacture, and Copyright Notice. | |
| Place of production, publication, distribution, manufacture | New York, NY : |
| Name of producer, publisher, distributor, manufacturer | Scholastic Inc., |
| Date of production, publication, distribution, manufacture, or copyr | 2020. |
| 300 ## - PHYSICAL DESCRIPTION | |
| Extent | 56 pages : |
| Other physical details | color illustrations ; |
| Dimensions | 18 cm. |
| 336 ## - Content Type | |
| Content type term | text |
| 337 ## - Media type | |
| Media type term | unmediated |
| 338 ## - Carrier type | |
| Carrier type term | volume |
| 490 1# - SERIES STATEMENT | |
| Series statement | Unicornio y Yeti. |
| 490 1# - SERIES STATEMENT | |
| Series statement | Acorn. |
| 500 ## - GENERAL NOTE | |
| General note | "Scholastic en español"--Cover. |
| 520 ## - SUMMARY, ETC. | |
| Summary, etc | While trying to find something they are both good at, Unicorn and Yeti play ring toss, run a race, and go ice skating. |
| 650 #1 - SUBJECT ADDED ENTRY--TOPICAL TERM | |
| Topical term or geographic name as entry element | Unicorns |
| Form subdivision | Fiction. |
| 9 (RLIN) | 5692523 |
| 650 #1 - SUBJECT ADDED ENTRY--TOPICAL TERM | |
| Topical term or geographic name as entry element | Yeti |
| Form subdivision | Fiction. |
| 9 (RLIN) | 5685944 |
| 650 #1 - SUBJECT ADDED ENTRY--TOPICAL TERM | |
| Topical term or geographic name as entry element | Ability |
| Form subdivision | Fiction. |
| 9 (RLIN) | 5673895 |
| 650 #1 - SUBJECT ADDED ENTRY--TOPICAL TERM | |
| Topical term or geographic name as entry element | Friendship |
| Form subdivision | Fiction. |
| 9 (RLIN) | 5673769 |
| 650 #1 - SUBJECT ADDED ENTRY--TOPICAL TERM | |
| Topical term or geographic name as entry element | Humorous stories. |
| 9 (RLIN) | 6400947 |
| 650 #1 - SUBJECT ADDED ENTRY--TOPICAL TERM | |
| Topical term or geographic name as entry element | Spanish language materials. |
| 9 (RLIN) | 6400948 |
| 655 #7 - INDEX TERM--GENRE/FORM | |
| Genre/form data or focus term | Fiction. |
| Source of term | lcgft |
| 9 (RLIN) | 5673940 |
| 700 1# - ADDED ENTRY--PERSONAL NAME | |
| Personal name | Quintanilla, Hazel, |
| Dates associated with a name | 1982- |
| Relator term | illustrator. |
| 9 (RLIN) | 6400939 |
| 700 1# - ADDED ENTRY--PERSONAL NAME | |
| Personal name | Berriz, Abel, |
| Relator term | translator. |
| 9 (RLIN) | 6400931 |
| 800 1# - SERIES ADDED ENTRY--PERSONAL NAME | |
| Personal name | Burnell, Heather Ayris. |
| Title of a work | Unicorn and Yeti. |
| Language of a work | Spanish. |
| 9 (RLIN) | 6400940 |
| 830 #0 - SERIES ADDED ENTRY--UNIFORM TITLE | |
| Uniform title | Acorn (Scholastic Inc.). |
| Language of a work | Spanish. |
| 9 (RLIN) | 6400928 |
| 907 ## - LOCAL DATA ELEMENT G, LDG (RLIN) | |
| a | .b421922369 |
| 942 ## - ADDED ENTRY ELEMENTS (KOHA) | |
| Source of classification or shelving scheme | Dewey Decimal Classification |
| Koha item type | BOOK |
| Withdrawn status | Lost status | Source of classification or shelving scheme | Damaged status | Not for loan | Collection code | Home library | Current library | Shelving location | Date acquired | Source of acquisition | Total Checkouts | Total Renewals | Full call number | Barcode | Date last seen | Date checked out | Cost, replacement price | Price effective from | Koha item type |
|---|---|---|---|---|---|---|---|---|---|---|---|---|---|---|---|---|---|---|---|
| Dewey Decimal Classification | Spanish Children Graphic Novels | Wasatch County Library | Wasatch County Library | First Floor | 01/25/2021 | Rainbow Books | 10 | 7 | E GN Burnell | 34301001704644 | 12/05/2025 | 10/15/2025 | 13.95 | 01/25/2021 | BOOK |
